Loading...
| Current Events | 1 | 20.00 | 100% | 100% | 0% |
| Fine Arts - Classical Music | 3 | 3.33 | 0% | 33% | 0% |
| Fine Arts - Other Fine Arts | 5 | 10.00 | 60% | 40% | 0% |
| Fine Arts - Painting and Sculpture | 4 | 5.00 | 50% | 0% | 0% |
| Geography | 1 | 0.00 | 0% | 0% | 0% |
| History - American History | 5 | 12.00 | 100% | 20% | 0% |
| History - European History | 6 | 16.67 | 100% | 50% | 17% |
| History - Other History | 4 | 12.50 | 75% | 25% | 25% |
| History - World History | 6 | 20.00 | 100% | 67% | 33% |
| Literature - American Literature | 5 | 6.00 | 60% | 0% | 0% |
| Literature - British Literature | 5 | 10.00 | 60% | 40% | 0% |
| Literature - European Literature | 3 | 3.33 | 33% | 0% | 0% |
| Literature - World Literature | 6 | 8.33 | 50% | 17% | 17% |
| Mythology | 4 | 10.00 | 75% | 25% | 0% |
| Philosophy | 2 | 5.00 | 50% | 0% | 0% |
| Pop Culture | 1 | 0.00 | 0% | 0% | 0% |
| Religion | 3 | 10.00 | 67% | 33% | 0% |
| Science - Biology | 5 | 12.00 | 100% | 0% | 20% |
| Science - Chemistry | 4 | 22.50 | 100% | 75% | 50% |
| Science - Other Science | 4 | 7.50 | 75% | 0% | 0% |
| Science - Physics | 3 | 10.00 | 67% | 33% | 0% |
| Social Science | 3 | 13.33 | 100% | 33% | 0% |